00734nam a2200241 a 4500001001300000003000900013005001700022008004100039020002300080082001500103100002200118245003600140260004500176300000900221500003500230505003700265650002000302700002200322902000800344942000700352952011600359999001700475nice12345678IN_TiNIC20260116013917.0050524s1995 dela grp 000 0 eng  a8170182 c28000a305.4bSAM aSamuel, M Johnson aLife Cycle and Female Migration aDelhibB.R.Publishing Corporation c1995 a265p aincludes index and biblioraphy2 aReprint. Originally Pub. in 1904 aWomen-Migration1 aSamuel, M Johnson bSRS cBK 001040708StackRoom-aHMIbHMId2007-03-21g280.00l0o305.4 SAMp016395r2007-03-21v280.00w2005-05-24yBK c13065d13065